000 00822nas a2200277 4500
001 BR2011000727
003 BR-BrBNA
005 20231205114436.0
007 ta
008 230509b bl.|||p| |||| 00| 00por d
040 _aBR-BrBNA
_bpor
_cBiblioteca Nacional de Agricultura
041 _a(Pt)
072 _aH60
100 1 _aMaciel, G.D. de G.
100 1 _aPoletine, J.P.
100 1 _aOliveira Neto, A.M. de
100 1 _aGuerra, N.
100 1 _aJustiniano, W.
245 1 _aLevantamento fitossociológico de plantas daninhas em cafezal orgânico
650 _aCAFÉ
650 _aERVA DANINHA
650 _aAGRICULTURA ORGÂNICA
773 0 _tBragantia (Brazil)
_xISSN 0006-8705
_g(Jul-Sep 2010), v. 69(3) p. 631-636
_wBR2011000727
909 _a202311
_bLúcia
_c55
_dLúcia Elande
942 _2AGRIS
_n0
_cANA
999 _c208795
_d208795